Statistics for Ark Survival Evolved: All Maps

Click here to take the quiz!

General Stats

  • This quiz has been taken 65 times
  • The average score is 10 of 12

Answer Stats

HintAnswer% Correct
FreeThe Island
98%
DLCAberration
87%
FreeLost Island
87%
DLCScorched Earth
85%
DLCExtinction
82%
FreeFjordur
82%
FreeThe Center
82%
FreeRagnarok
80%
FreeValguero
75%
FreeCrystal Isles
69%
DLCGenesis Part 1
64%
DLCGenesis Part 2
64%

Score Distribution

Percentile by Number Answered

Percent of People with Each Score

Your Score History

You have not taken this quiz